00874nam a2200217Ia 4500003000900000008004100009020001800050040001600068080002200084110003700106111011400143245018500257260004200442300001500484490002600499650004100525650000900566650001700575700003300592700003100625IN-BaIIA211028s9999 xx 000 0 eng d a90-277-0149-0 cIIA Library a082.2:52bIAU-S47 aInternational Astronomical Union aInternational Astronomical Union Symposiumn47thcUniversity of Newcastle-Upon-Tyne, Englandd1971 Mar. 22-26 4aThe Moonbproceedings from IAU symposium no. 47, held in the University of Newcastle-Upon-Tyne, England, March 22-26 , 1971cedited by Stanley Keith Runcorn and Harold Clayton Urey aDordrechtbD. Reidel Publishingc1972 axvi, 471p. aIAU Symposium; no. 47 aAstronomy and Astrophysics Thesaurus aMoon aSolar system aRuncorn, Stanley Keith., ed. aUrey, Harold Clayton., ed.